| 000 | 00340nam a2200109Ia 4500 | ||
|---|---|---|---|
| 008 | 171204s9999 xx 000 0 und d | ||
| 245 | _aCybersecurity Information Gathering using Kali Linux: | ||
| 245 | _cTim Scott | ||
| 260 | _c2016 | ||
| 650 | _xFUNDAMENTALS OF INFORMATION SECURITY | ||
| 856 | _uhttp://down.ebook777.com/036/B01BFMJHFK.pdf | ||
| 999 |
_c347161 _d347161 |
||